Οργάνωση της γνώσης και τεχνολογία
Saved in:
| Main Author: | |
|---|---|
| Format: | Book |
| Language: | Greek |
| Published: |
Αθήνα :
Παπασωτηρίου,
2001
|
| Subjects: | |
| Tags: |
Add Tag
No Tags, Be the first to tag this record!
|
MARC
| LEADER | 00000nam a2200000 i 4500 | ||
|---|---|---|---|
| 001 | 1/26952 | ||
| 008 | 020827s2001 gre d | ||
| 020 | |a 960-7810-88-7 | ||
| 035 | |l 10068347 | ||
| 040 | |a GR-MY-UA |b gre |e aacr | ||
| 041 | 0 | |a gre | |
| 082 | 0 | |a 025.3 | |
| 100 | 1 | |a Σταθούλια, Θεοδώρα Δ. |d 1958- | |
| 245 | 1 | 0 | |a Οργάνωση της γνώσης και τεχνολογία |
| 260 | |a Αθήνα : |b Παπασωτηρίου, |c 2001 | ||
| 300 | |a 82 σ.; |c 21 εκ. | ||
| 504 | |a Περιέχει ευρετήριο | ||
| 505 | 0 | |a ΠΕΡΙΕΧΟΜΕΝΑ: τ.1. Πρότυπα επικοινωνίας και βιβλιογραφική ανταλλαγή δεδομένων | |
| 650 | 0 | 0 | |a Libraries |x Automation. |
| 650 | 0 | 0 | |a Bibliography |x Methodology. |
| 852 | |a INST |b LESVOS |e 20020827 |h 025.3 ΣΤΑ |p 005100025093 |q 005100025093 |t BK |y 0 |z τ.1 | ||
| 852 | |a INST |b LESVOS |e 20020827 |h 025.3 ΣΤΑ |p 005100025093 |q 005100025093 |t BK |v τ.1: |y 0 |z τ.1 | ||
| 853 | |a INST |b LESVOS |h 025.3 ΣΤΑ | ||
| 901 | |a BIBL1-2002-3 | ||
| 909 | |a Λ |b 102049 | ||
| 922 | |a 1ΕΛΗ |b 200204 |c ΤΑΚ/ΚΥΒ |d ΠΑΠΑΣΩΤΗΡΙΟΥ | ||
| 950 | |a 023-2002-03-27 | ||
| 970 | |a ΚΑΜΑΤΣΟΥ |b ΔΕΣΠΟΙΝΑ |z 2002/09/20 | ||